| 000 | 01677nam a2200397 c 4500 | ||
|---|---|---|---|
| 999 |
_c50715 _d50715 |
||
| 001 | 50715 | ||
| 003 | ES-MaCES | ||
| 005 | 20240731040005.0 | ||
| 008 | 180516s2018 sp | l o000 ||spa d | ||
| 017 |
_aM 3082-2002 _bDL |
||
| 020 | _a9788447609192 | ||
| 024 | 7 |
_a169-18-013-3 _2nipo |
|
| 024 | 7 |
_a057-18-025-8 _2nipo |
|
| 040 |
_aES-MaCES _bsp _cES-MaCES |
||
| 110 | 1 |
_aEspaña _bMinisterio de Hacienda y Función Pública _938369 |
|
| 245 | 1 | 0 | _aIRPF estimación objetiva, IVA régimen simplificado |
| 260 |
_a[Madrid] _bMinisterio de Hacienda y Función Pública |
||
| 260 |
_bMinisterio de Economía, Industria y Competitividad _c[2018] |
||
| 300 |
_a121 p. _c17 cm |
||
| 490 | 1 |
_aTextos legales / separata del Boletín Oficial de los Ministerios de Hacienda y Función Pública y de Economía, Industria y Competitividad _v1-2018 |
|
| 541 | _cGratuito | ||
| 650 | 4 |
_aimpuesto sobre la renta de personas físicas _928084 |
|
| 650 | 4 |
_aimpuesto al valor añadido _928094 |
|
| 650 | 4 |
_aadministración fiscal _927209 |
|
| 650 | 4 |
_alegislación económica _927161 |
|
| 650 | 4 |
_areglamento _927154 |
|
| 650 | 4 |
_atexto _929624 |
|
| 650 | 4 |
_aEspaña _926964 |
|
| 653 | 1 | 0 | _aLegislación |
| 710 | 1 |
_aEspaña _bMinisterio de Hacienda y Función Pública _eed. _938369 |
|
| 710 | 1 |
_938438 _aEspaña _bMinsterio de Economía, Industria y Competitividad _eed. |
|
| 787 | 0 |
_tIRPF estimación objetiva, IVA régimen simplificado _w(ES-MaCES)49764 |
|
| 830 | 0 |
_aTextos legales / separata del Boletín Oficial de los Ministerios de Hacienda y Función Pública y de Economía, Industria y Competitivad _v1-2018 _938439 |
|
| 902 | _aLIB Libro | ||
| 942 |
_2CES _cBK _h6.1. |
||